Score 0/36 Timer 05:00
0 Plays Today
Hint Answer % Correct
FootwearBoots
94.2%
GemstoneRuby
93.9%
FootwearClogs
89.9%
FootwearSandals
88.5%
GemstoneQuartz
87.5%
Human BoneFemur
86.4%
CapitalMoscow
79.9%
CapitalLondon
75.2%
FootwearMoccasins
67.2%
RiversAmazon
63.7%
Human BoneRadius
63.3%
GemstoneEmerald
63.2%
GemstoneTurquoise
61.4%
RiversRhine
61%
FootwearSlippers
60.7%
Human BoneHumerus
60.5%
RiversGanges
52.9%
Human BonePatella
49.6%
Hint Answer % Correct
GemstoneJasper
49.4%
GemstoneAmethyst
49%
Famous BattleSomme
47%
RiversThames
46.5%
FootwearLoafers
43.4%
Famous BattleWaterloo
36.9%
Human BoneMandible
35.6%
CapitalKingston
32%
RiversMurray
30.7%
RiversEuphrates
30.3%
CapitalBelgrade
29.5%
CapitalCanberra
22.1%
Famous BattleGallipoli
19.8%
CapitalNicosia
15.4%
Human BoneTalus
15.3%
Famous BattleThermopylae
13.1%
Famous BattleHastings
12.4%
Famous BattleAntioch
2.4%
Remove Ads.
Support Sporcle.
Get the best of Sporcle when you Go Orange. This ad-free experience offers more features, more stats, and more fun while also helping to support Sporcle. Thank you for becoming a member.

You're not logged in!

Compare scores with friends on all Sporcle quizzes.
OR
Log In

Show Comments

Extras

Top Quizzes Today


Score Distribution

Your Account Isn't Verified!

In order to create a playlist on Sporcle, you need to verify the email address you used during registration. Go to your Sporcle Settings to finish the process.

Report this User

Report this user for behavior that violates our Community Guidelines.

Details: